載入...
Reader's guide to Samuel Beckett
| 主要作者: | |
|---|---|
| 格式: | Printed Book |
| 語言: | English |
| 出版: |
London :
Thames and Hudson,
|
| 叢編: | 1973
|
| 主題: |
| LEADER | 005870000a22002170004500 | ||
|---|---|---|---|
| 005 | 20200217203234.0 | ||
| 060 | |a 100 | ||
| 245 | |a Reader's guide to Samuel Beckett | ||
| 260 | |a London : |b Thames and Hudson, | ||
| 440 | |a 1973 | ||
| 300 | |a 208 | ||
| 100 | |a Kenner |b Hugh |f Author | ||
| 650 | |a Drama - English literature | ||
| 650 | |a Criticism | ||
| 041 | |a eng | ||
| 050 | |a 010 | ||
| 022 | |a 7599 |c AV | ||
| 082 | |a 822 |d BEC | ||
| 942 | |c BK | ||
| 999 | |c 273001 |d 273001 | ||
| 952 | |0 0 |1 0 |4 0 |6 822_000000000000000_KEN |7 0 |9 290163 |a ENG |b ENG |d 2020-02-03 |l 0 |o 822 KEN |p ENG7599 |r 2020-02-03 |w 2020-02-03 |y BK | ||